<?xml version="1.0" encoding="UTF-8"?>
<record
    xmlns:xsi="http://www.w3.org/2001/XMLSchema-instance"
    xsi:schemaLocation="http://www.loc.gov/MARC21/slim http://www.loc.gov/standards/marcxml/schema/MARC21slim.xsd"
    xmlns="http://www.loc.gov/MARC21/slim">

  <leader>04588nam a2200565 i 4500</leader>
  <controlfield tag="001">196179</controlfield>
  <controlfield tag="003">ES-MaACL</controlfield>
  <controlfield tag="005">20250829034411.0</controlfield>
  <controlfield tag="006">m    |o  d        </controlfield>
  <controlfield tag="007">cr |n ||||||||</controlfield>
  <controlfield tag="008">240817s2015    sp |||||o|||| ||| ||spa d</controlfield>
  <datafield tag="017" ind1=" " ind2=" ">
    <subfield code="a">B 10449-2016</subfield>
  </datafield>
  <datafield tag="035" ind1=" " ind2=" ">
    <subfield code="a">(ES-BaLIB)9788499424675</subfield>
  </datafield>
  <datafield tag="035" ind1=" " ind2=" ">
    <subfield code="a">991012040359708606</subfield>
  </datafield>
  <datafield tag="040" ind1=" " ind2=" ">
    <subfield code="a">ES-BaLIB</subfield>
    <subfield code="b">spa</subfield>
    <subfield code="c">SpMaBN</subfield>
    <subfield code="d">SpMaBN</subfield>
    <subfield code="e">local</subfield>
  </datafield>
  <datafield tag="080" ind1=" " ind2=" ">
    <subfield code="a">929 Levi, Primo</subfield>
  </datafield>
  <datafield tag="080" ind1=" " ind2=" ">
    <subfield code="a">821.131.1-94"19"</subfield>
  </datafield>
  <datafield tag="080" ind1=" " ind2=" ">
    <subfield code="a">343.819.5(438.31 &#xD3;swiecim)(093.3)</subfield>
  </datafield>
  <datafield tag="100" ind1="1" ind2=" ">
    <subfield code="a">Levi, Primo, </subfield>
    <subfield code="d">1919-1987</subfield>
    <subfield code="9">240200</subfield>
    <subfield code="e">aut</subfield>
  </datafield>
  <datafield tag="243" ind1="1" ind2="0">
    <subfield code="a">Obra selecta</subfield>
    <subfield code="l">Espa&#xF1;ol</subfield>
  </datafield>
  <datafield tag="245" ind1="1" ind2="0">
    <subfield code="a">Trilog&#xED;a de Auschwitz / </subfield>
    <subfield code="c">Primo Levi ; traducci&#xF3;n de Pilar G&#xF3;mez Bedate ; pr&#xF3;logo de Antonio Mu&#xF1;oz Molina.</subfield>
  </datafield>
  <datafield tag="260" ind1=" " ind2=" ">
    <subfield code="a">Barcelona :</subfield>
    <subfield code="b">Pen&#xED;nsula, </subfield>
    <subfield code="c">2016.</subfield>
  </datafield>
  <datafield tag="300" ind1=" " ind2=" ">
    <subfield code="a">652 p&#xE1;g. :</subfield>
    <subfield code="b">il. ;</subfield>
    <subfield code="c">24 cm.</subfield>
  </datafield>
  <datafield tag="336" ind1=" " ind2=" ">
    <subfield code="2">rdacontent</subfield>
    <subfield code="a">texto</subfield>
  </datafield>
  <datafield tag="337" ind1=" " ind2=" ">
    <subfield code="2">rdamedia</subfield>
    <subfield code="a">sin mediaci&#xF3;n</subfield>
  </datafield>
  <datafield tag="338" ind1=" " ind2=" ">
    <subfield code="2">rdacarrier</subfield>
    <subfield code="a">volumen</subfield>
  </datafield>
  <datafield tag="490" ind1="0" ind2=" ">
    <subfield code="a">Imprescindibles</subfield>
  </datafield>
  <datafield tag="505" ind1="0" ind2=" ">
    <subfield code="a">Si esto es un hombre ; La tregua ; Los hundidos y los salvados</subfield>
  </datafield>
  <datafield tag="520" ind1="3" ind2=" ">
    <subfield code="a">La Trilog&#xED;a de Auschwitz de Primo Levi, compuesta por las obras Si esto es un hombre, La Tregua y Los Hundidos y los Salvados, conforma un relato en torno a la devastaci&#xF3;n f&#xED;sica y el derrumbe de la conciencia c&#xED;vica de Europa provocados por el sistema totalitario nazi durante la II Guerra Mundial. El relato proyecta los complejos y sutiles mecanismos para desproveer de humanidad a la persona, con el objetivo final de destruir, tanto moral como f&#xED;sicamente, a todos aquellos seres humanos identificados como enemigos del III Reich alem&#xE1;n. Claudio Magris resalt&#xF3; el valor testimonial de la literatura de Primo Levi y el an&#xE1;lisis de un &#x201C;horror radical&#x201D; que, gracias a la ausencia de ira o la excesiva piedad en su relato, permite al lector aproximarse a la frialdad objetiva de un mal creado por la condici&#xF3;n humana; no por animales ni monstruos, sino por personas. El equilibrio y la honestidad de la literatura de Primo Levi perturba, emociona y conmina al lector a desarrollar una conciencia c&#xED;vica de no indiferencia y de responsabilidad.

Para Berg Institute constituye un privilegio el poder realizar esta edici&#xF3;n especial que el lector tiene en su manos. La obra de Primo Levi nos permite reflexionar sobre el proceso de reconstrucci&#xF3;n en la postguerra del Derecho Internacional de los Derechos Humanos en busca de la idea de dignidad de la persona &#x2014;los derechos humanos&#x2014;, as&#xED; como las responsabilidades jur&#xED;dicas y c&#xED;vicas por su falta de respeto y el derecho a la construcci&#xF3;n de un relato de memoria y responsabilidad para con las v&#xED;ctimas. La Trilog&#xED;a de Auschwitz nos permite entender y proyectar lo que aconteci&#xF3; en los lager como una piedra Rosetta, para no olvidar las futuras responsabilidades y los desaf&#xED;os que afronta la comunidad internacional en el siglo XXI.

Esperamos que esta nueva edici&#xF3;n sirva al lector para promover, concienciar, defender y respetar los derechos humanos, desde un compromiso activo y solidario, pues aquello que pudiera parecer una conquista de dignidad y civilidad en una sociedad y en un tiempo determinado, puede revertirse f&#xE1;cilmente si no existen ciudadanos que creen, defienden y luchan por el reconocimiento y respeto de los derechos humanos.  Joaqu&#xED;n Gonz&#xE1;lez Ib&#xE1;&#xF1;ez, Berg Institute</subfield>
  </datafield>
  <datafield tag="530" ind1=" " ind2=" ">
    <subfield code="a">Publicado tambi&#xE9;n como texto impreso</subfield>
  </datafield>
  <datafield tag="600" ind1="1" ind2="4">
    <subfield code="a">Levi, Primo, </subfield>
    <subfield code="d">1919-1987</subfield>
    <subfield code="2">embne</subfield>
    <subfield code="9">240200</subfield>
  </datafield>
  <datafield tag="650" ind1=" " ind2="7">
    <subfield code="a">Holocausto jud&#xED;o (1939-1945)</subfield>
    <subfield code="9">143979</subfield>
  </datafield>
  <datafield tag="651" ind1=" " ind2="7">
    <subfield code="a">Auschwitz (Polonia, Campo de concentraci&#xF3;n)</subfield>
    <subfield code="9">155366</subfield>
  </datafield>
  <datafield tag="655" ind1=" " ind2="0">
    <subfield code="a">Escritos de presos</subfield>
    <subfield code="9">238437</subfield>
  </datafield>
  <datafield tag="700" ind1="1" ind2=" ">
    <subfield code="a">G&#xF3;mez Bedate, Pilar,</subfield>
    <subfield code="d">1936-2017</subfield>
    <subfield code="9">57833</subfield>
    <subfield code="e">trl</subfield>
  </datafield>
  <datafield tag="700" ind1="1" ind2=" ">
    <subfield code="a">Mu&#xF1;oz Molina, Antonio,</subfield>
    <subfield code="d">1956-</subfield>
    <subfield code="e">aui</subfield>
    <subfield code="9">84461</subfield>
  </datafield>
  <datafield tag="700" ind1=" " ind2=" ">
    <subfield code="a">Levi, Primo, </subfield>
    <subfield code="d">1919-1987- </subfield>
    <subfield code="t">Se questo &#xE8; un uomo- </subfield>
    <subfield code="l">Espa&#xF1;ol</subfield>
    <subfield code="9">238438</subfield>
  </datafield>
  <datafield tag="700" ind1=" " ind2=" ">
    <subfield code="a">Levi, Primo, </subfield>
    <subfield code="d">1919-1987- </subfield>
    <subfield code="t">La tregua- </subfield>
    <subfield code="l">Espa&#xF1;ol</subfield>
    <subfield code="9">238439</subfield>
  </datafield>
  <datafield tag="700" ind1=" " ind2=" ">
    <subfield code="a">Levi, Primo, </subfield>
    <subfield code="d">1919-1987- </subfield>
    <subfield code="t">I sommersi e i salvati- </subfield>
    <subfield code="l">Espa&#xF1;ol</subfield>
    <subfield code="9">238440</subfield>
  </datafield>
  <datafield tag="740" ind1="0" ind2="2">
    <subfield code="a">Si esto es un hombre</subfield>
  </datafield>
  <datafield tag="740" ind1="3" ind2="2">
    <subfield code="a">La tregua</subfield>
  </datafield>
  <datafield tag="740" ind1="4" ind2="2">
    <subfield code="a">Los hundidos y los salvados</subfield>
  </datafield>
  <datafield tag="776" ind1="0" ind2=" ">
    <subfield code="t">As&#xED; fue Auschwitz Trilog&#xED;a de Auschwitz</subfield>
    <subfield code="h">652 p.</subfield>
    <subfield code="z">978-84-9942-454-5 978-84-9942-454-5</subfield>
    <subfield code="w">Noa5727192 a5727714</subfield>
  </datafield>
  <datafield tag="852" ind1=" " ind2=" ">
    <subfield code="a">ES-MaACL</subfield>
    <subfield code="b">R.154548</subfield>
    <subfield code="c">DEPOJ</subfield>
    <subfield code="j">N-9254</subfield>
    <subfield code="h">Donaci&#xF3;n: Editorial</subfield>
    <subfield code="x">Encuadernaci&#xF3;n carton&#xE9;</subfield>
    <subfield code="9">205208</subfield>
  </datafield>
  <datafield tag="942" ind1=" " ind2=" ">
    <subfield code="c">MONOGRAFIA</subfield>
    <subfield code="n">0</subfield>
  </datafield>
  <datafield tag="999" ind1=" " ind2=" ">
    <subfield code="c">196179</subfield>
    <subfield code="d">196179</subfield>
  </datafield>
  <datafield tag="952" ind1=" " ind2=" ">
    <subfield code="0">0</subfield>
    <subfield code="1">0</subfield>
    <subfield code="2">udc</subfield>
    <subfield code="4">0</subfield>
    <subfield code="7">0</subfield>
    <subfield code="a">ATENEOM</subfield>
    <subfield code="b">ATENEOM</subfield>
    <subfield code="c">DEPOJ</subfield>
    <subfield code="d">2025-05-06</subfield>
    <subfield code="e">DONACION</subfield>
    <subfield code="l">0</subfield>
    <subfield code="o">N-9254</subfield>
    <subfield code="p">101229980</subfield>
    <subfield code="r">2025-05-06 00:00:00</subfield>
    <subfield code="w">2025-05-06</subfield>
    <subfield code="y">MONOGRAFIA</subfield>
  </datafield>
</record>
